| 000 | 00942nam a22002651u 4500 | ||
|---|---|---|---|
| 001 | 06199 | ||
| 003 | HDC | ||
| 007 | cr bn --- | ||
| 008 | 210123p xx fo d 00 engg | ||
| 040 | _aHDC | ||
| 100 |
_aAnthony Raja Devadoss, _96520 |
||
| 245 | 0 |
_aTALENTS TODAY, LEADERS TOMORROW : _b"HALAL AT THE FOREFRONT OF ECONOMIC AND SOCIAL CHANGE / _cby Anthony Raja Devadoss |
|
| 260 |
_a[No place] : _b[publisher not identified], _c2016 |
||
| 300 |
_a31 pages : _bIllustrations |
||
| 336 |
_atext _2rdacontent |
||
| 337 |
_acomputer _2rdamedia |
||
| 338 |
_aonline resource _2rdacarrier |
||
| 650 |
_aHalal Ecosystem _91808 |
||
| 650 |
_aHalal industry _9144 |
||
| 650 |
_aHalal Logistics _9143 |
||
| 856 | _zRequest full-text at [email protected] | ||
| 942 | _2lcc | ||
| 942 | _cSLIDE | ||
| 942 | _kSLID 000714 | ||
| 999 |
_c3523 _d3523 |
||